Quizzes
Events
Quiz Creation
Community
Videos
Private Events
Remove Ads
Sign In
Join for FREE
Feedback
Dark Mode
Quiz Categories
Sports
Geography
Music
Movies
Television
Just For Fun
Miscellaneous
History
Literature
Language
Science
Gaming
Entertainment
Religion
Holiday
For Kids
Quiz Lab
Recent
Popular Today
Quiz Kudos Today
Editor Picks
Curator Picks
Quizzes by...
Day
Popularity
Type
Ratings
Length
Year
Community
Subscriptions
Recent Discussions
Orange Saloon
Badges
Playlists
Quests
Create
Leaderboards
Showdown
Live 5
Trivia Bingo
Activity
Puzzle Library
Sporcle Events
Private Events
Virtual Trivia
Globe League
Become a Host
Pub Owners
SporcleCon
Opinionation
Our Games
Videos
Blog
Mobile Apps
Partnerships
Remove Ads and Go Orange
Feedback
Geography
Country
Landmarks
City
State
Population
World
Capital
Continent
Flags
Europe
Africa
Asia
South America
North America
Oceania
Border
Canada
United Kingdom
Topography
United States
Geography
Country
Landmarks
City
State
Population
World
Capital
Continent
Flags
Europe
Africa
Asia
South America
North America
Oceania
Border
Canada
United Kingdom
Topography
United States
Random Quiz
Search Sporcle
×
Quiz Lab
Quiz Lab
Geography
Oceania
Type answers that appear on an image
Type answers that appear on an image
Map
Best Score? Go Orange.
Oceanian Countries on a Satellite Map Stats
Can you name the Oceanian countries using a satellite map?
By
mszzz
4m
14 Questions
84 Plays
84 Plays
84 Plays
Comments
Comments
Give Quiz Kudos
Give Quiz Kudos
-
- Ratings
hide this ad
Replay
Link that replays current quiz
Next Quiz
Link to next quiz in quiz playlist
You Got
0%
They Got
Avg Score
90%
Avg Friend Score
Upgrade to see
Score Distribution
Jump to the score distribution portion of the page
Score
0/14
Timer
04:00
0
Plays Today
% Correct
Australia
100%
New Zealand
98.8%
Samoa
95.2%
Tonga
94%
Fiji
94%
Papua New Guinea
91.6%
Solomon Islands
91.6%
% Correct
Marshall Islands
89.2%
Tuvalu
86.7%
Micronesia
86.7%
Palau
84.3%
Nauru
84.3%
Kiribati
83.1%
Vanuatu
79.5%
Quiz Playlist
Details
Report
Send in Message
Add To Playlist
Map:
Type answers that appear on an image
Last Updated: Jun 22, 2017
Quiz Scoreboard
CHALLENGE
Sign Up to Join the Scoreboard
Show All
Scores
Hide
Comments
May contain spoilers
Recently Published
Popular People in 1961
by mucciniale
History
6m
1-10 Letter E Words III
by El_Dandy
Language
2m
One Thing in Common: World Cities II
by knightlancer
Geography
7m
More to Explore
Quiz From the Vault
Featured Blog Post
Where Did the Easter Bunny Come From?
hide this ad
You Might Also Like...
Tags
Oceania Quiz
Australasia Oceania
Australia
map
satellite
Today's Top Quizzes in Geography
Browse Geography
hide this ad
Today's Top Quizzes in Oceania
Browse Oceania
Top Contributed Quizzes in Geography
1
Countries of the World - No Outlines Minefield
2
African Flag Reveal XLV
3
Top 25 Cities of France on a map
4
Closest Countries to UK A-Z
5
Blind Secret Country CLXXXVIII
6
Find the US States - No Outlines
7
One Thing in Common: Asia
8
Blind Ultimate Minefield: Asia
9
30 Pics in 60: Landmark Cities
10
Find the States of India (Picture Click)
Explore More
Trending Topics
Harry Potter
NBA
Kpop
Crossword
Disney
Anime
Marvel
Puzzle
Country
Pokémon
The Office
Soccer
NFL
WWE
Song
hide this ad
More By:
mszzz
Quiz
Plays
Rating
Category
Featured
Created
Most Populous US Cities on a Map
138,588
4.78
Geography
Aug 1, 2014
Canada, Mexico, or US Capital?
116,505
4.59
Geography
Mar 13, 2015
Most Defensive Countries
96,573
4.67
Geography
Oct 19, 2014
Fast Food Countries
62,396
4.72
Geography
Jan 6, 2018
Atlantic or Pacific?
58,672
4.58
Geography
Aug 14, 2014
Go to Creator's Profile
Score Distribution
Quiz Creator Spotlight
mszzz
Follow
Send a Message
Quizzes Created
-
Created Quiz Play Count
-
More By This Creator
Popular Quizzes Today
1
Find the US States - No Outlines Minefield
2
The Countries of the World
3
Popular People in 1961
4
Find the Countries of Europe - No Outlines Minefield
5
1-10 Letter E Words III
6
Find the US States
7
One Thing in Common: World Cities II
8
US States
More Geography Quizzes
Million City Gauntlet: Central and Northern Asia
Quiz Lab
Trending Quizzes
1-10 Letter F Words
One Thing in Common: Music
1-10 Letter G Words
Risky Map Clicking: Next State Alphabetically
1-10 Letter F Words II
Recently Updated
Leaping Animals
pecheneg
Reality TV Shows (A-Z)
bhenderson79
Rickey Henderson's Hall of Fame Teammates
pecheneg
Champions League XIs: Arsenal
pecheneg
Quick Pick: Celebrities in WWE's Hall of Fame
aduchscher
A-Z Keypad Blitz II
pecheneg
Multiple Oscar Actors
pecheneg
Mystery Phrase Blitz: Oscar 'Best Actors'
pecheneg
F. Scott Fitzgerald Novels
LTH
Pick 3 Villains
ddd62291
Trending Topics
NBA
Harry Potter
Disney
Marvel
Anime
Crossword
Kpop
NFL
Country
The Office
Soccer
Puzzle
Song
Pokémon
WWE
Your Account Isn't Verified!
In order to create a playlist on Sporcle, you need to verify the email address you used during registration. Go to your
Sporcle Settings
to finish the process.
Report this User
Report this user for behavior that violates our
Community Guidelines
.
Details:
Send Report
Go to the Sporcle.com Mobile Site →
Comments